000 00297nam a22001337a 4500
008 170220b xxu||||| |||| 00| 0 eng d
020 _a9780078127632
041 _aeng
080 _a615
100 _a5
101 _aSHF
245 _aDRUGS, SOCIAETY AND BEHAVIOUR
_cWILSON. H.T
942 _2udc
_cBK
999 _c5902
_d5902